From gamer to game designer : the official far cry 2 map editing guide (Record no. 189083)

MARC details
000 -LEADER
fixed length control field 00679nam a2200205Ia 4500
008 - FIXED-LENGTH DATA ELEMENTS--GENERAL INFORMATION
fixed length control field 191130s2008##################000#0#eng##
020 ## - INTERNATIONAL STANDARD BOOK NUMBER
ISBN 9781584506867
082 ## - DEWEY DECIMAL CLASSIFICATION NUMBER
Classification number 790.1 HUT
100 ## - MAIN ENTRY--AUTHOR NAME
Personal name Hutchison, David
245 ## - TITLE STATEMENT
Title From gamer to game designer : the official far cry 2 map editing guide
Statement of responsibility, etc David Hutchison
260 ## - PUBLICATION, DISTRIBUTION, ETC. (IMPRINT)
Place of publication Australia ; Boston
Name of publisher Course Technology
Year of publication c2008
300 ## - PHYSICAL DESCRIPTION
Number of Pages xii, 300 p. : ill. ; 24 cm
500 ## - GENERAL NOTE
General note Includes bibliographical references (p. 289) and index
650 ## - SUBJECT ADDED ENTRY--TOPICAL TERM
Topical Term Video games - Handbooks, manuals, etc
991 ## -
-- 372734
Holdings
Withdrawn status Lost status Damaged status Not for loan Home library Current library Shelving location Date acquired Full call number Accession Number Price effective from Koha item type
        Anna Centenary Library Anna Centenary Library 6TH FLOOR, B WING 13.10.2020 790.1 HUT 279835 13.10.2020 English Books

Find us on the map